Háromdimenziós tiolmintázat képződésének modellezése kétcsatornás gélreaktorban [absztrakt] /

Elmentve itt :
Bibliográfiai részletek
Szerző: Vigh Péter Ferenc
Testületi szerző: IX. Móra Kárpát-medencei Interdiszciplináris Szakkollégiumi Konferencia
Dokumentumtípus: Könyv része
Megjelent: Szegedi Tudományegyetem Móra Ferenc Szakkollégium Szeged 2025
Sorozat:Móra Kárpát-medencei Interdiszciplináris Szakkollégiumi Konferencia 9
Kulcsszavak:Kémia - előadáskivonat
Tárgyszavak:
Online Access:http://acta.bibl.u-szeged.hu/89183
LEADER 00959naa a2200205 i 4500
001 acta89183
005 20251204150839.0
008 251204s2025 hu o 100 hun d
040 |a SZTE Egyetemi Kiadványok Repozitórium  |b hun 
041 |a hun 
100 1 |a Vigh Péter Ferenc 
245 1 0 |a Háromdimenziós tiolmintázat képződésének modellezése kétcsatornás gélreaktorban   |h [elektronikus dokumentum] :  |b [absztrakt] /  |c  Vigh Péter Ferenc 
260 |a Szegedi Tudományegyetem Móra Ferenc Szakkollégium  |b Szeged  |c 2025 
300 |a 126-127 
490 0 |a Móra Kárpát-medencei Interdiszciplináris Szakkollégiumi Konferencia  |v 9 
650 4 |a Természettudományok 
650 4 |a Kémiai tudományok 
695 |a Kémia - előadáskivonat 
711 |a IX. Móra Kárpát-medencei Interdiszciplináris Szakkollégiumi Konferencia  |c Szeged  |d 2025. november 21-23. 
856 4 0 |u http://acta.bibl.u-szeged.hu/89183/1/morakonf_2025_126-127.pdf  |z Dokumentum-elérés